Movies Quiz

Random Movies or Math Quiz

Clickable Movie Title Math Quiz Stats

 Plays Quiz Updated Dec 28, 2017

Score 0/30 Timer 08:00
2 Plays Today
% Correct
15
79.8%
14
78.5%
5
75.9%
18
62.5%
21
61.2%
19
59.3%
20
58.6%
22
58.2%
1
57.7%
2
52.1%
17
45.9%
13
45.3%
28
45.2%
25
45%
12
41.6%
% Correct
3
37.2%
9
36.8%
23
35.9%
30
32%
11
30.4%
29
30.3%
6
27.8%
4
27.4%
16
26.3%
24
24.1%
27
23.6%
26
19.1%
7
18.4%
10
17.9%
8
15.5%

You're not logged in!

Compare scores with friends on all Sporcle quizzes.
OR
Log In

You Might Also Like...

Show Comments

Extras

Top Quizzes Today


Score Distribution

Your Account Isn't Verified!

In order to create a playlist on Sporcle, you need to verify the email address you used during registration. Go to your Sporcle Settings to finish the process.

Report this User

Report this user for behavior that violates our Community Guidelines.

Details: